000 00395nam a2200145Ia 4500
008 210210b1978 xxu||||| |||| 00| 0 eng d
082 _a959.70437 THOD
100 _aTHOMAS (liz).
245 _aDust of life, children of the saigon streets.
260 _aGreat Britain.
_bCollins, Fount Paperbacks.,
_c1978
300 _a199
650 _aVietnam
690 _aAsian History
906 _a035093
999 _c85872
_d85872